000 00218nam a2200085Ia 4500
008 180219s9999 xx 000 0 und d
100 _aSharma Ritu
245 0 _aWork Experience In Education
260 _aVinay Rakheja R. Lall Meerut
260 _c2012
999 _c42227
_d42227